Statistics for Flowers By Lauren Spencer Smith

Click here to take the quiz!

General Stats

  • This quiz has been taken 36 times
  • The average score is 216 of 368

Answer Stats

Answer% Correct
i
95%
I
95%
flowers
90%
a
85%
me
85%
the
85%
that
80%
to
80%
you
80%
and
75%
are
75%
in
75%
my
75%
big
70%
for
70%
guess
70%
introduced
70%
just
70%
then
70%
too
70%
used
70%
who
70%
your
70%
apologies
65%
aren't
65%
even
65%
family
65%
house
65%
it
65%
it's
65%
"it's
65%
joke"
65%
know
65%
make
65%
marry
65%
one
65%
over
65%
say
65%
saying
65%
them
65%
Took
65%
took
65%
we
65%
when
65%
you'd
65%
be
60%
day
60%
did
60%
eye
60%
go
60%
hoping
60%
look
60%
Maybe
60%
maybe
60%
mean
60%
meet
60%
of
60%
smile
60%
thing
60%
thought
60%
what
60%
would
60%
been
55%
excited
55%
got
55%
how
55%
I'd
55%
i'd
55%
kind
55%
more
55%
should
55%
so
55%
spoke
55%
was
55%
were
55%
while
55%
'Cause
50%
communicate
50%
fight
50%
get
50%
give
50%
kiss
50%
myself
50%
not
50%
now
50%
some
50%
space
50%
that's
50%
but
45%
But
45%
conscious
45%
eventually
45%
head
45%
holding
45%
hurt
45%
should've
45%
true
45%
wasn't
45%
always
40%
appreciate
40%
fool
40%
gone
40%
hard
40%
mistakes
40%
onto
40%
people
40%
starts
40%
think
40%
version
40%
we'd
40%
wrong
40%
could
35%
else
35%
fall
35%
her
35%
only
35%
someone
35%
work
35%
you've
35%
flight
30%
getting
30%
hate
30%
if
30%
ignore
30%
justifying
30%
kinda
30%
seeing
30%
shit
30%
tell
30%
told
30%
at
25%
can't
25%
every
25%
had
25%
learned
25%
minute
25%
young
25%
babe
20%
chance
20%
door
20%
heartbroken
20%
i've
20%
need
20%
night
20%
open
20%
sleep
20%
watch
20%
way
20%
yourself
20%
anything
15%
finally
15%
found
15%
help
15%
hurting
15%
leave
15%
man
15%
right
15%
there's
15%
treats
15%
appriciate
10%
coulda
10%
haven't
10%
pretend
10%
shoud've
5%

Score Distribution

Percentile by Number Answered

Percent of People with Each Score

Your Score History

You have not taken this quiz